| 000 | 00427nam a22001817a 4500 | ||
|---|---|---|---|
| 003 | CEME | ||
| 005 | 20210628204601.0 | ||
| 008 | 210219b xxu||||| |||| 00| 0 eng d | ||
| 020 | _a0-02-946307-6 | ||
| 040 | _c. | ||
| 082 | _a531.38 LUS'P | ||
| 100 |
_aLubliner, Jacob _924730 |
||
| 245 | _aPlasticity theory | ||
| 260 |
_aNEWYORK _bMACMILLAN _c1990 |
||
| 300 | _a495P | ||
| 650 |
_aPLASTICITY _919040 |
||
| 942 |
_cBK _2ddc |
||
| 999 |
_c577776 _d577776 |
||